[Event "Lapis Lazuli"]
[Site "SchemingMind.com"]
[Date "2006.10.24"]
[Round "-"]
[White "dmichael"]
[Black "chesshub"]
[Result "1/2-1/2"]
[WhiteCountry "USA"]
[BlackCountry "FRA"]
[WhiteElo "2320"]
[WhiteRD "79"]
[BlackElo "2359"]
[BlackRD "73"]
[GameID "73517"]

1. d4 Nf6 2. c4 e6 3. Nf3 b6 4. Nc3 Bb7 5. a3 d5 6. cxd5 Nxd5 7. Qc2 Nxc3 8. bxc3 Be7 9. e4 O-O 10. Bd3 c5
11. O-O Qc7 12. e5 h6 13. Qe2 Nd7 14. Rd1 a6 15. a4 Rfc8 16. Ne1 Rd8 17. Qg4 Kh8 18. Nf3 cxd4 19. cxd4 Qc3 20. Be3 Rac8
21. Ne1 Qa5 22. f3 Bb4 23. Nc2 Bc3 24. Ra3 Bb2 25. Rb3 Bc3 26. Qh4 Kg8 27. Bxh6 gxh6 28. Qxh6 Nf8 29. Qg5+=
1/2-1/2

[Event "Lapis Lazuli"]
[Site "SchemingMind.com"]
[Date "2006.10.29"]
[Round "-"]
[White "C. H. O'D. Schlechter"]
[Black "chesshub"]
[Result "0-1"]
[WhiteCountry "USA"]
[BlackCountry "FRA"]
[WhiteElo "2362"]
[WhiteRD "68"]
[BlackElo "2341"]
[BlackRD "69"]
[GameID "73518"]

1. e4 e5 2. Nf3 Nc6 3. d4 exd4 4. Nxd4 Bc5 5. Be3 Qf6 6. Nb5 Bxe3 7. fxe3 Qh4+ 8. g3 Qxe4 9. Nxc7+ Kd8 10. Nxa8 Qxh1
11. Qd6 Nf6 12. Nd2 Ne8 13. Qf4 Qxh2 14. O-O-O Qh6 15. Qxf7 Qxe3 16. Kb1 d6 17. Bb5 Qe6 18. Qf3 Qg4 19. Qh1 Bd7 20. Nc4 Kc8
0-1

[Event "Lapis Lazuli"]
[Site "SchemingMind.com"]
[Date "2006.10.25"]
[Round "-"]
[White "Chess Tiger"]
[Black "chesshub"]
[Result "1/2-1/2"]
[WhiteCountry "GER"]
[BlackCountry "FRA"]
[WhiteElo "2360"]
[WhiteRD "64"]
[BlackElo "2341"]
[BlackRD "69"]
[GameID "73520"]

1. e4 e5 2. Nf3 Nc6 3. Bb5 a6 4. Ba4 Nf6 5. O-O Be7 6. Re1 b5 7. Bb3 O-O 8. c3 d6 9. h3 Bb7 10. d4 Re8
11. Ng5 Rf8 12. Nf3 Re8 13. Nbd2 Bf8 14. a4 h6 15. Bc2 exd4 16. cxd4 Nb4 17. Bb1 c5 18. d5 Nd7 19. Ra3 f5 20. Nh2 fxe4
21. Nxe4 Nxd5 22. Rg3 Kh8 23. Ng4 Qa5 24. Bd2 Qxa4 25. Qc1 Qc4 26. Nxh6 Ne5 27. Ng5 Qxc1 28. Nhf7+ Nxf7 29. Nxf7+=
1/2-1/2

[Event "Lapis Lazuli"]
[Site "SchemingMind.com"]
[Date "2006.10.25"]
[Round "-"]
[White "Nenad"]
[Black "chesshub"]
[Result "1/2-1/2"]
[WhiteCountry "SLO"]
[BlackCountry "FRA"]
[WhiteElo "2276"]
[WhiteRD "84"]
[BlackElo "2314"]
[BlackRD "72"]
[GameID "73521"]

1. e4 c5 2. Nc3 Nc6 3. g3 g6 4. Bg2 Bg7 5. d3 d6 6. Be3 Rb8 7. Qd2 b5 8. Nge2 b4 9. Nd1 Nf6 10. h3 O-O
11. O-O e5 12. f4 Nd4 13. fxe5 dxe5 14. c3 Ne6 15. cxb4 Rxb4 16. Bxc5 Nxe4 17. Bxe4 Rxe4 18. Bxf8 Bxf8 19. Kh2 Ng5 20. Ndc3 Rb4
21. a3 Rb3 22. h4 Ne6 23. Qc2 Rb7 24. Rad1 Bg7 25. b4 Rc7 26. Qa2 Bb7 27. Ne4 Bd5 28. Qb2 f5 29. N2c3 Nd4 30. Rc1 Bxe4
31. Nxe4 fxe4 32. Rxc7 Qxc7 33. Qa2+ Kh8 34. Rf7 Qc6 35. dxe4 Qxe4 36. Qg2 Qxg2+ 37. Kxg2 a6 38. Ra7 Kg8 39. Rxa6 e4 40. Kf2 Bh6
41. Ra8+=
1/2-1/2

[Event "Lapis Lazuli"]
[Site "SchemingMind.com"]
[Date "2006.10.24"]
[Round "-"]
[White "matein7"]
[Black "chesshub"]
[Result "1/2-1/2"]
[WhiteCountry "USA"]
[BlackCountry "FRA"]
[WhiteElo "2406"]
[WhiteRD "75"]
[BlackElo "2338"]
[BlackRD "72"]
[GameID "73522"]

1. e4 e5 2. Nf3 Nc6 3. Bb5 a6 4. Ba4 Nf6 5. O-O Be7 6. Re1 b5 7. Bb3 d6 8. c3 O-O 9. h3 Na5 10. Bc2 c5
11. d4 Qc7 12. Nbd2 cxd4 13. cxd4 Nc6 14. Nb3 a5 15. Be3 a4 16. Nbd2 Bd7 17. Rc1 Qb7 18. a3 Rfe8 19. Bb1 Rac8 20. Qe2 b4
21. Bd3 Qb8 22. Ba6 Nxd4 23. Nxd4 Rxc1 24. Rxc1 exd4 25. Bxd4 h6 26. Qe3 d5 27. e5 bxa3 28. bxa3 Nh7 29. Rb1 Qc7 30. Rb7 Qc6
31. Nf3 Nf8 32. Bb6 Bd8 33. Bxd8 Qxa6 34. Rb6 Qa7 35. Bh4 Re6 36. Rb4 Qxe3 37. fxe3 Ng6=
1/2-1/2